000 00387nam a22001577a 4500
003 OSt
008 200715b ||||| |||| 00| 0 eng d
020 _a9788193697276
100 _aSingh , Ravindra Pal
245 _aPharmaceutics-1
250 _a2019
260 _aNew Delhi
_bMackhingee
300 _a170
650 _aPharmaceutics (Dispensing and General Pharmacy
942 _2ddc
_cBK
999 _c9082
_d9082